[Event "Girona Gerunda Sarria Ter4th"]
[Site "Girona"]
[Date "2019.03.29"]
[Round "1.3"]
[White "Foix Breto, Antoni"]
[Black "Casanellas Ruano, Lluis"]
[Result "0-1"]
[WhiteElo "1597"]
[BlackElo "2064"]
[PlyCount "34"]
[EventDate "2019.03.29"]
[EventType "swiss"]
[EventRounds "9"]
[EventCountry "ESP"]
[SourceTitle "EXT 2024"]
[Source "ChessBase"]
[SourceDate "2023.10.10"]
[SourceVersion "1"]
[SourceVersionDate "2023.10.10"]
[SourceQuality "1"]

1. e4 d6 2. d4 Nf6 3. Nc3 e5 4. Nf3 exd4 5. Nxd4 Be7 6. Be2 0-0 7. Be3 Re8 8. f3 d5 9. e5 c5 10. exf6 Bxf6 11. Qd2 Rxe3 12. Nb3 d4 13. Ne4 b6 14. 0-0-0 Rxe4 15. Kb1 Bg5 16. Qd3 Re3 17. Qc4 Ba6 0-1

[Event "Gerunda op 3rd"]
[Site "Gerunda"]
[Date "2018.05.25"]
[Round "8"]
[White "Casanellas Ruano, Lluis"]
[Black "Bonell Mitjans, Antonio"]
[Result "1/2-1/2"]
[WhiteElo "2053"]
[BlackElo "2053"]
[PlyCount "79"]
[EventDate "2018.04.06"]
[EventType "swiss"]
[EventRounds "9"]
[EventCountry "ESP"]
[SourceTitle "CBM 184 Extra"]
[Source "ChessBase"]
[SourceDate "2018.06.28"]
[SourceVersion "1"]
[SourceVersionDate "2018.06.28"]
[SourceQuality "1"]

1. e4 e6 2. d4 d5 3. Nd2 dxe4 4. Nxe4 Nd7 5. Bd3 Ngf6 6. Qe2 b6 7. Nf3 Bb7 8. Bg5 Be7 9. 0-0-0 Nxe4 10. Bxe7 Qxe7 11. Bxe4 Bxe4 12. Qxe4 0-0 13. Rhe1 Nf6 14. Qh4 Nd5 15. Qh5 Qf6 16. Re4 Qg6 17. Qe5 Rae8 18. Rde1 f6 19. Qg3 Qxg3 20. hxg3 Kf7 21. a3 c6 22. Nd2 Re7 23. Nc4 Rd8 24. c3 Nc7 25. Kc2 Rd5 26. f4 g6 27. g4 b5 28. Na5 c5 29. Nc6 Red7 30. Rh1 Kg7 31. g5 f5 32. Re5 Rxe5 33. fxe5 Rd5 34. Re1 h6 35. gxh6+ Kxh6 36. b4 Kg5 37. Rh1 Rd7 38. Rh8 Kf4 39. Rg8 g5 40. Rg6 1/2-1/2

[Event "Gerunda op 3rd"]
[Site "Gerunda"]
[Date "2018.05.18"]
[Round "7"]
[White "Farre I Benseny, Miquel"]
[Black "Casanellas Ruano, Lluis"]
[Result "0-1"]
[WhiteElo "1627"]
[BlackElo "2053"]
[PlyCount "88"]
[EventDate "2018.04.06"]
[EventType "swiss"]
[EventRounds "9"]
[EventCountry "ESP"]
[SourceTitle "CBM 184 Extra"]
[Source "ChessBase"]
[SourceDate "2018.06.28"]
[SourceVersion "1"]
[SourceVersionDate "2018.06.28"]
[SourceQuality "1"]

1. e4 c6 2. Nc3 d5 3. Nf3 Bg4 4. d4 dxe4 5. Nxe4 Bxf3 6. Qxf3 Qxd4 7. Be3 Qxb2 8. Bc4 Nf6 9. 0-0 Nbd7 10. Rab1 Qxc2 11. Nxf6+ Nxf6 12. Rfc1 Qe4 13. Rxb7 Qxf3 14. gxf3 g6 15. Rxa7 Rxa7 16. Bxa7 Bh6 17. Rc2 0-0 18. Bb3 Rc8 19. Bd4 Bf4 20. Ba4 e5 21. Ba1 c5 22. Re2 Nd5 23. Bxe5 Bxe5 24. Rxe5 Nc3 25. Re8+ Rxe8 26. Bxe8 Nxa2 27. Kf1 Kf8 28. Bb5 Ke7 29. Bc4 Nb4 30. Ke2 f6 31. f4 Kd6 32. Bg8 h6 33. h4 Ke7 34. Bc4 Nc6 35. Ke3 Nd4 36. Ke4 Nf5 37. Kd5 Nxh4 38. Kxc5 Ng2 39. f5 g5 40. Kd4 Kd6 41. Be2 Nf4 42. Bf1 h5 43. f3 h4 44. Ke4 h3 0-1

[Event "Gerunda op 3rd"]
[Site "Gerunda"]
[Date "2018.04.20"]
[Round "3"]
[White "Casanellas Ruano, Lluis"]
[Black "Boix Gravolosa, Josep M"]
[Result "1-0"]
[WhiteElo "2053"]
[BlackElo "1666"]
[PlyCount "65"]
[EventDate "2018.04.06"]
[EventType "swiss"]
[EventRounds "9"]
[EventCountry "ESP"]
[SourceTitle "CBM 184 Extra"]
[Source "ChessBase"]
[SourceDate "2018.06.28"]
[SourceVersion "1"]
[SourceVersionDate "2018.06.28"]
[SourceQuality "1"]

1. d4 e5 2. dxe5 Nc6 3. Nf3 Qe7 4. Nc3 Nxe5 5. e4 Nf6 6. Be2 c6 7. 0-0 Ng6 8. Re1 d6 9. Qd4 Qc7 10. Bg5 Be7 11. Rad1 Qb6 12. Na4 Qxd4 13. Rxd4 Be6 14. b3 h6 15. Bc1 0-0 16. Nc3 b5 17. Bf1 Ng4 18. Rdd1 Rac8 19. Nd4 Bd7 20. h3 Nf6 21. Nf5 Ne8 22. Nxe7+ Nxe7 23. Ba3 c5 24. Bxb5 Bxb5 25. Nxb5 Rc6 26. c4 Ra6 27. e5 Nc8 28. exd6 Nexd6 29. Bxc5 Rd8 30. Re2 Rc6 31. Bxd6 Nxd6 32. Red2 Nxb5 33. Rxd8+ 1-0

[Event "Can Ninetes op 11th"]
[Site "Can Ninetes"]
[Date "2016.08.01"]
[Round "6"]
[White "Bigas Hospital, Jordi"]
[Black "Casanellas Ruano, Lluis"]
[Result "1-0"]
[WhiteElo "1896"]
[BlackElo "2100"]
[PlyCount "67"]
[EventDate "2016.08.01"]
[EventType "swiss"]
[EventRounds "9"]
[EventCountry "ESP"]
[SourceTitle "CBM 173 Extra"]
[Source "ChessBase"]
[SourceDate "2016.08.29"]
[SourceVersion "1"]
[SourceVersionDate "2016.08.29"]
[SourceQuality "1"]

1. d4 d5 2. Nf3 Nf6 3. g3 Bg4 4. Bg2 Nbd7 5. 0-0 e6 6. Nbd2 Be7 7. b3 0-0 8. Bb2 c6 9. c4 Rc8 10. Re1 Qa5 11. a3 Rfd8 12. b4 Qb6 13. Qb3 a6 14. h3 Bh5 15. Rac1 Bg6 16. Nh4 Ra8 17. Nxg6 hxg6 18. e4 dxe4 19. Nxe4 Nxe4 20. Bxe4 Nf6 21. Bg2 Rd7 22. Rcd1 Rad8 23. Re3 Qc7 24. Red3 Qb6 25. d5 exd5 26. cxd5 Nxd5 27. Bxd5 cxd5 28. Rxd5 Qe6 29. Qc3 Bf6 30. Rxd7 Rxd7 31. Qc8+ Kh7 32. Qxd7 Bxb2 33. Qxe6 fxe6 34. a4 1-0

[Event "Can Ninetes op 11th"]
[Site "Can Ninetes"]
[Date "2016.08.01"]
[Round "9"]
[White "Casanellas Ruano, Lluis"]
[Black "Hammer, Klaus"]
[Result "1-0"]
[WhiteElo "2100"]
[BlackElo "1878"]
[PlyCount "56"]
[EventDate "2016.08.01"]
[EventType "swiss"]
[EventRounds "9"]
[EventCountry "ESP"]
[SourceTitle "CBM 173 Extra"]
[Source "ChessBase"]
[SourceDate "2016.08.29"]
[SourceVersion "1"]
[SourceVersionDate "2016.08.29"]
[SourceQuality "1"]

1. d4 d5 2. Nf3 Nf6 3. c4 dxc4 4. e3 Nc6 5. Bxc4 e6 6. 0-0 a6 7. Nc3 Na5 8. Bd3 c5 9. e4 cxd4 10. Nxd4 Bc5 11. Be3 Bxd4 12. Bxd4 Nc6 13. Be3 Ne5 14. Be2 Qxd1 15. Rfxd1 b5 16. Bc5 Ned7 17. Bd6 Bb7 18. f3 Rc8 19. a4 bxa4 20. Nxa4 Rc2 21. Bf1 Rc6 22. b4 Nd5 23. Nc5 Rxd6 24. Nxb7 Rb6 25. exd5 Rxb7 26. dxe6 fxe6 27. Rxa6 0-0 28. Rxe6 Nf6 1-0

[Event "Catalunya-chT Gp1"]
[Site "Barcelona"]
[Date "2015.03.07"]
[Round "7.3"]
[White "Casanellas Ruano, Lluis"]
[Black "Gil Gil, Antoni"]
[Result "1-0"]
[WhiteElo "2119"]
[BlackElo "1869"]
[PlyCount "43"]
[EventDate "2015.01.24"]
[EventType "team-tourn"]
[EventRounds "7"]
[EventCountry "ESP"]
[SourceTitle "EXT 2016"]
[Source "ChessBase"]
[SourceDate "2015.10.08"]
[SourceVersion "1"]
[SourceVersionDate "2015.10.08"]
[SourceQuality "1"]
[WhiteTeam "Figueres"]
[BlackTeam "Montcada"]
[WhiteTeamCountry "ESP"]
[BlackTeamCountry "ESP"]

1. d4 d5 2. c4 c6 3. Nf3 Nf6 4. Nc3 dxc4 5. a4 Nd5 6. Bd2 Bf5 7. Nh4 Bd7 8. g3 Na6 9. e4 Ndb4 10. Bxc4 b5 11. axb5 cxb5 12. Nxb5 Qb6 13. Bxb4 Nxb4 14. Na3 Nc6 15. Nf3 e5 16. 0-0 exd4 17. Nb5 Bg4 18. Ra6 Qb7 19. Bd5 Rc8 20. Rxc6 Rxc6 21. Nbxd4 Ke7 22. Nxc6+ 1-0

[Event "Catalunya-chT"]
[Site "Catalunya"]
[Date "2014.03.01"]
[Round "6.2"]
[White "Casanellas Ruano, Lluis"]
[Black "Mora Amella, Joan"]
[Result "1/2-1/2"]
[WhiteElo "2119"]
[BlackElo "1818"]
[PlyCount "81"]
[EventDate "2014.01.25"]
[EventType "team"]
[EventRounds "11"]
[EventCountry "ESP"]
[SourceTitle "EXT 2015"]
[Source "ChessBase"]
[SourceDate "2014.11.20"]
[SourceVersion "1"]
[SourceVersionDate "2014.11.20"]
[SourceQuality "1"]
[WhiteTeam "Figueres"]
[BlackTeam "Lleida"]
[WhiteTeamCountry "ESP"]
[BlackTeamCountry "ESP"]

1. d4 d5 2. c4 e5 3. dxe5 d4 4. Nf3 Nc6 5. a3 Be6 6. b3 Nge7 7. Bb2 Ng6 8. Nxd4 Ncxe5 9. Nc3 Bc5 10. e3 0-0 11. Be2 Qg5 12. g3 Qe7 13. Nxe6 fxe6 14. Ne4 Rad8 15. Qc2 Nf3+ 16. Bxf3 Rxf3 17. Qe2 Rdf8 18. b4 Bd6 19. h4 Be5 20. h5 Bxb2 21. Qxb2 Nh8 22. Rd1 Nf7 23. Rh4 Ng5 24. h6 Nxe4 25. Rxe4 Rxf2 26. Qxf2 Rxf2 27. Kxf2 gxh6 28. Rdd4 e5 29. Rd5 Qf6+ 30. Kg2 Qa6 31. Rdxe5 Qxa3 32. Re8+ Kf7 33. R8e7+ Kf8 34. Rxc7 Qxb4 35. Rf4+ Ke8 36. Rff7 Qd2+ 37. Kh3 Qxe3 38. Rxh7 Qe6+ 39. Kg2 Qe2+ 40. Kg1 Qe1+ 41. Kg2 1/2-1/2

[Event "Figueres op 14th"]
[Site "Figueres"]
[Date "2013.08.11"]
[Round "1"]
[White "Narciso Dublan, Marc"]
[Black "Casanellas Ruano, Lluis"]
[Result "1-0"]
[WhiteElo "2505"]
[BlackElo "2162"]
[PlyCount "193"]
[EventDate "2013.08.11"]
[EventType "swiss"]
[EventRounds "9"]
[EventCountry "ESP"]
[SourceTitle "EXT 2014"]
[Source "ChessBase"]
[SourceDate "2013.11.20"]
[SourceVersion "1"]
[SourceVersionDate "2013.11.20"]
[SourceQuality "1"]

1. d4 d5 2. c4 c6 3. Nf3 Nf6 4. e3 Bf5 5. Nc3 e6 6. Nh4 Bg4 7. Qb3 Qb6 8. h3 Bh5 9. g4 Bg6 10. g5 Nfd7 11. Nxg6 hxg6 12. e4 dxe4 13. Bg2 e5 14. Qxb6 axb6 15. Be3 Bb4 16. Kd2 0-0 17. a3 Bxc3+ 18. Kxc3 exd4+ 19. Bxd4 Re8 20. Rad1 f5 21. gxf6 gxf6 22. Rhe1 c5 23. Be3 Kf7 24. Rd6 Ra6 25. Red1 Nf8 26. Rd8 Rxd8 27. Rxd8 Nc6 28. Rc8 f5 29. Rc7+ Ke6 30. f3 Ke5 31. fxe4 f4 32. Bf2 Ne6 33. Rd7 Ra8 34. Rd5+ Kf6 35. h4 Ne7 36. e5+ Kf5 37. Bh3+ Ke4 38. Bxe6 Nxd5+ 39. Bxd5+ Kxe5 40. Bxb7 Ra7 41. Bd5 Kf5 42. Bf3 Ra5 43. Kd3 g5 44. hxg5 Kxg5 45. Bd5 Kf5 46. Ke2 Ra7 47. Kf3 Re7 48. a4 Re8 49. Bc6 Rh8 50. Bd7+ Ke5 51. Be1 Rh7 52. Bc3+ Kd6 53. Bf5 Ra7 54. Bc2 Rf7 55. Bg6 Rf8 56. Bh5 Ra8 57. b3 Rf8 58. Ke4 Ke6 59. Be5 Rd8 60. Bg4+ Ke7 61. Bxf4 Rd4+ 62. Ke3 Kd8 63. Be2 Kd7 64. Bd3 Kc8 65. Be5 Rh4 66. Bc3 Kb7 67. a5 Rh3+ 68. Kd2 Rh2+ 69. Be2 Rh3 70. axb6 Kxb6 71. Bd1 Rh2+ 72. Kc1 Rh1 73. Kc2 Rh2+ 74. Bd2 Rh1 75. Bf3 Rh3 76. Bd5 Rh2 77. Be4 Rh4 78. Bd3 Rh2 79. Kc3 Rg2 80. Be3 Rg3 81. Bc1 Rh3 82. Ba3 Rg3 83. b4 cxb4+ 84. Bxb4 Rh3 85. Kd4 Rh1 86. c5+ Kc7 87. Ba5+ Kc8 88. Bf5+ Kb8 89. c6 Rc1 90. Kd5 Rd1+ 91. Ke5 Rc1 92. Kd6 Rd1+ 93. Ke7 Rc1 94. Bd7 Rc5 95. Kd8 Ka7 96. c7 Ka6 97. Bb4 1-0

[Event "Santa Eugenia op 8th"]
[Site "Girona"]
[Date "2013.08.??"]
[Round "5.3"]
[White "Casanellas Ruano, Lluis"]
[Black "Gultresa Boada, Isaac"]
[Result "1/2-1/2"]
[WhiteElo "2162"]
[BlackElo "1777"]
[PlyCount "104"]
[EventDate "2013.08.19"]
[EventType "swiss"]
[EventRounds "9"]
[EventCountry "ESP"]
[SourceTitle "EXT 2024"]
[Source "ChessBase"]
[SourceDate "2023.10.10"]
[SourceVersion "1"]
[SourceVersionDate "2023.10.10"]
[SourceQuality "1"]

1. Nf3 Nf6 2. d4 d5 3. c4 e6 4. Bg5 Be7 5. e3 0-0 6. Nc3 c6 7. Qc2 Nbd7 8. Be2 h6 9. Bh4 dxc4 10. Bxc4 Nb6 11. Be2 Nbd5 12. 0-0 Qa5 13. Nxd5 exd5 14. a3 Bg4 15. b4 Qd8 16. Ne5 Bxe2 17. Qxe2 Nd7 18. Bxe7 Qxe7 19. Nxd7 Qxd7 20. a4 a6 21. Rab1 f5 22. b5 axb5 23. axb5 Ra5 24. bxc6 bxc6 25. Rfc1 Rfa8 26. g3 Ra2 27. Rb2 Ra1 28. Rbc2 g6 29. Kg2 R1a6 30. h4 Kf7 31. Rc3 Qe6 32. R3c2 Ke7 33. Rb2 R8a7 34. Qc2 Qe4+ 35. Qxe4+ fxe4 36. Rbc2 Kd6 37. Kh3 Rf7 38. Kg2 Rc7 39. Kh2 Ra5 40. Rc5 Rxc5 41. Rxc5 Rb7 42. Rc2 Kc7 43. Kh3 Rb5 44. Ra2 Kb7 45. Kg2 c5 46. dxc5 Rxc5 47. Rb2+ Kc7 48. Ra2 Kb7 49. Kh3 Rb5 50. Rc2 Ra5 51. Kg2 Rb5 52. Kf1 Ra5 1/2-1/2

[Event "Santa Eugenia op 8th"]
[Site "Girona"]
[Date "2013.08.??"]
[Round "8.3"]
[White "Nunez Colome, David"]
[Black "Casanellas Ruano, Lluis"]
[Result "0-1"]
[WhiteElo "1516"]
[BlackElo "2162"]
[PlyCount "102"]
[EventDate "2013.08.19"]
[EventType "swiss"]
[EventRounds "9"]
[EventCountry "ESP"]
[SourceTitle "EXT 2024"]
[Source "ChessBase"]
[SourceDate "2023.10.10"]
[SourceVersion "1"]
[SourceVersionDate "2023.10.10"]
[SourceQuality "1"]

1. e4 c6 2. d4 d5 3. Nc3 dxe4 4. Nxe4 Bf5 5. Ng3 Bg6 6. h4 h6 7. Nf3 Nd7 8. h5 Bh7 9. Bd3 Bxd3 10. Qxd3 e6 11. Bf4 Qa5+ 12. Qd2 Qxd2+ 13. Bxd2 Ngf6 14. 0-0-0 Bd6 15. Rde1 0-0 16. Ne4 Nxe4 17. Rxe4 Nf6 18. Re2 Rfd8 19. c3 Rac8 20. Be3 c5 21. dxc5 Bxc5 22. Rh4 Rd5 23. g4 Bxe3+ 24. Rxe3 Rc4 25. Nh2 Kf8 26. f3 Rc6 27. Rh3 Rcd6 28. Re2 Rd1+ 29. Kc2 Ra1 30. a3 Rdd1 31. Rg3 Nd5 32. Rd2 Rxd2+ 33. Kxd2 Rb1 34. Kc2 Rh1 35. Rh3 Ne3+ 36. Kd3 Nf1 37. Nxf1 Rxh3 38. Ke2 f5 39. Kf2 fxg4 40. fxg4 Ke7 41. Ne3 Kf6 42. Nc4 Rh2+ 43. Kg3 Rc2 44. Nd6 Rxb2 45. Ne4+ Ke5 46. Nc5 Kd5 47. Nd3 Rb3 48. Nf4+ Kd6 49. Ne2 Rxa3 50. Nf4 Ra4 51. Kf3 Rc4 0-1

[Event "Catalunya-chT Honor"]
[Site "Catalunya"]
[Date "2013.04.13"]
[Round "11.5"]
[White "Casanellas Ruano, Lluis"]
[Black "Escandell Mari, Juan Carlos"]
[Result "1/2-1/2"]
[WhiteElo "2175"]
[BlackElo "2278"]
[PlyCount "79"]
[EventDate "2013.01.19"]
[EventType "team-tourn"]
[EventRounds "11"]
[EventCountry "ESP"]
[SourceTitle "EXT 2014"]
[Source "ChessBase"]
[SourceDate "2013.11.20"]
[SourceVersion "1"]
[SourceVersionDate "2013.11.20"]
[SourceQuality "1"]
[WhiteTeam "Figueres"]
[BlackTeam "Cerdanyola Valles"]
[WhiteTeamCountry "ESP"]
[BlackTeamCountry "ESP"]

1. d4 Nf6 2. Nf3 e6 3. c4 b6 4. g3 Bb7 5. Bg2 c5 6. 0-0 cxd4 7. Qxd4 Nc6 8. Qd3 Rc8 9. b3 Be7 10. Bb2 0-0 11. Nc3 d5 12. cxd5 Nb4 13. Qd2 Nfxd5 14. Rfc1 Nxc3 15. Bxc3 Qxd2 16. Nxd2 Bxg2 17. Kxg2 Rfd8 18. Nf3 Rxc3 19. Rxc3 Bf6 20. Rcc1 Bxa1 21. Rxa1 Rc8 22. Ne1 Nc2 23. Nxc2 Rxc2 24. Kf3 Kf8 25. Ke3 Ke7 26. h4 h5 27. b4 Rb2 28. a3 Rb3+ 29. Kd2 a5 30. bxa5 bxa5 31. a4 Rb4 32. Kc3 e5 33. Kd3 Ke6 34. e4 g6 35. Ke3 f5 36. f3 Kf6 37. Ra2 fxe4 38. fxe4 g5 39. Rf2+ Kg6 40. Rf5 1/2-1/2

[Event "Catalunya-chT Honor"]
[Site "Catalunya"]
[Date "2013.02.09"]
[Round "4.5"]
[White "Casanellas Ruano, Lluis"]
[Black "Panelo Munoz, Marcelo A"]
[Result "1/2-1/2"]
[WhiteElo "2175"]
[BlackElo "2327"]
[PlyCount "161"]
[EventDate "2013.01.19"]
[EventType "team-tourn"]
[EventRounds "11"]
[EventCountry "ESP"]
[SourceTitle "CBM 152 Extra"]
[Source "ChessBase"]
[SourceDate "2013.02.25"]
[SourceVersion "1"]
[SourceVersionDate "2013.02.25"]
[SourceQuality "1"]
[WhiteTeam "Figueres"]
[BlackTeam "Badalona Sant Josep"]
[WhiteTeamCountry "ESP"]
[BlackTeamCountry "ESP"]

1. e4 c5 2. Nf3 d6 3. Bb5+ Nd7 4. c4 a6 5. Bxd7+ Bxd7 6. Nc3 Nf6 7. d4 cxd4 8. Qxd4 g6 9. Bg5 Bg7 10. 0-0 0-0 11. Qd3 Rc8 12. Rac1 Re8 13. Rfd1 Bg4 14. h3 Bxf3 15. Qxf3 Qa5 16. Bxf6 Bxf6 17. Nd5 Qxa2 18. Nxf6+ exf6 19. Qxf6 Rxc4 20. Rxc4 Qxc4 21. f3 Qc5+ 22. Kh1 Re6 23. Qf4 Qb4 24. Rd2 Kg7 25. Rc2 Qb6 26. Qd2 Re5 27. Rc8 d5 28. exd5 Qd6 29. Qc3 Kh6 30. Rc5 Rxd5 31. Rxd5 Qxd5 32. Qf6 Qe6 33. Qd4 Qe1+ 34. Kh2 Qe7 35. Qf4+ Kg7 36. Qd2 Qf6 37. Qb4 b6 38. b3 Qe5+ 39. f4 Qf6 40. Qc4 b5 41. Qb4 h5 42. Kg3 Kh7 43. Qd2 Qe6 44. b4 Qe4 45. Qd6 Qc4 46. Qe7 Qd5 47. Qf8 Qe6 48. Qc5 Qe1+ 49. Kh2 Qe4 50. Qd6 Kg7 51. Kg3 a5 52. bxa5 Qe1+ 53. Kh2 Qxa5 54. Qe5+ Kh7 55. Qe8 Qc7 56. Qxb5 Qxf4+ 57. Kg1 g5 58. Qd5 Kg6 59. Qc6+ Qf6 60. Qe4+ Qf5 61. Qc6+ Qe6 62. Qc2+ f5 63. Qf2 g4 64. h4 Qe5 65. g3 Qd6 66. Kg2 Qd5+ 67. Kh2 Qd6 68. Qe3 f4 69. gxf4 Kf5 70. Kg3 Qd5 71. Qa3 Ke4 72. Qc3 Qd6 73. Qe1+ Kf5 74. Qe3 Qd5 75. Qa3 Qd8 76. Qc5+ Ke4 77. Qe5+ Kd3 78. Qxh5 Qd4 79. Qxg4 Qg1+ 80. Kh3 Qh1+ 81. Kg3 1/2-1/2

[Event "Catalunya-chT Honor"]
[Site "Catalunya"]
[Date "2013.02.02"]
[Round "3.6"]
[White "Casanellas Ruano, Lluis"]
[Black "Jose Queralto, Daniel"]
[Result "1/2-1/2"]
[WhiteElo "2175"]
[BlackElo "2210"]
[PlyCount "21"]
[EventDate "2013.01.19"]
[EventType "team-tourn"]
[EventRounds "11"]
[EventCountry "ESP"]
[SourceTitle "CBM 152 Extra"]
[Source "ChessBase"]
[SourceDate "2013.02.25"]
[SourceVersion "1"]
[SourceVersionDate "2013.02.25"]
[SourceQuality "1"]
[WhiteTeam "Figueres"]
[BlackTeam "Andorra"]
[WhiteTeamCountry "ESP"]
[BlackTeamCountry "AND"]

1. e4 e5 2. Nf3 Nf6 3. Nxe5 d6 4. Nf3 Nxe4 5. Qe2 Qe7 6. d3 Nf6 7. Bg5 Nbd7 8. Nbd2 Qxe2+ 9. Bxe2 Be7 10. 0-0 Nf8 11. h3 1/2-1/2

[Event "Catalunya-chT Honor"]
[Site "Catalunya"]
[Date "2013.01.19"]
[Round "1.7"]
[White "Espinoza Palomino, Willyam"]
[Black "Casanellas Ruano, Lluis"]
[Result "1-0"]
[WhiteElo "2284"]
[BlackElo "2175"]
[PlyCount "81"]
[EventDate "2013.01.19"]
[EventType "team-tourn"]
[EventRounds "11"]
[EventCountry "ESP"]
[SourceTitle "CBM 152 Extra"]
[Source "ChessBase"]
[SourceDate "2013.02.25"]
[SourceVersion "1"]
[SourceVersionDate "2013.02.25"]
[SourceQuality "1"]
[WhiteTeam "Montcada"]
[BlackTeam "Figueres"]
[WhiteTeamCountry "ESP"]
[BlackTeamCountry "ESP"]

1. e4 c6 2. d4 d5 3. Nc3 dxe4 4. Nxe4 Bf5 5. Ng3 Bg6 6. h4 h6 7. Nf3 Nd7 8. h5 Bh7 9. Bd3 Bxd3 10. Qxd3 e6 11. Bd2 Ngf6 12. 0-0-0 Be7 13. Qe2 0-0 14. Rhe1 Re8 15. Ne5 c5 16. Nxd7 Qxd7 17. dxc5 Qa4 18. Kb1 Bxc5 19. Bc3 Nd5 20. Ne4 Nxc3+ 21. Nxc3 Qc6 22. Ne4 Bb4 23. c3 Be7 24. g4 Rad8 25. f4 Rxd1+ 26. Rxd1 Rd8 27. Rxd8+ Bxd8 28. Qd3 Bc7 29. f5 exf5 30. gxf5 f6 31. c4 b6 32. Qd5+ Qxd5 33. cxd5 Kf7 34. Kc2 Ke7 35. a4 Kd7 36. Kd3 Be5 37. b4 Kc7 38. Kc4 a6 39. a5 bxa5 40. bxa5 Bf4 41. Nc5 1-0

[Event "Catalunya-chT"]
[Site "Catalunya"]
[Date "2012.02.11"]
[Round "3.6"]
[White "Casanellas Ruano, Lluis"]
[Black "Alexandrova, Olga"]
[Result "0-1"]
[WhiteElo "2208"]
[BlackElo "2419"]
[PlyCount "82"]
[EventDate "2012.01.28"]
[EventType "team-tourn"]
[EventRounds "11"]
[EventCountry "ESP"]
[SourceTitle "EXT 2013"]
[Source "ChessBase"]
[SourceDate "2012.11.22"]
[SourceVersion "1"]
[SourceVersionDate "2012.11.22"]
[SourceQuality "1"]
[WhiteTeam "Figueres"]
[BlackTeam "Barcelona Uga"]
[WhiteTeamCountry "ESP"]
[BlackTeamCountry "ESP"]

1. d4 Nf6 2. Nf3 e6 3. g3 d5 4. Bg2 Be7 5. 0-0 0-0 6. c4 dxc4 7. Qa4 a6 8. Qxc4 b5 9. Qc2 Bb7 10. Bf4 Nd5 11. Bd2 Nd7 12. Nc3 c5 13. Nxd5 Bxd5 14. dxc5 Nxc5 15. Rfd1 Rc8 16. Be3 Qa5 17. Qd2 Qxd2 18. Nxd2 Bxg2 19. Kxg2 Bf6 20. Bxc5 Rxc5 21. Ne4 Rc2 22. Nxf6+ gxf6 23. b4 Rxe2 24. Rd6 Rc8 25. Rxa6 Rcc2 26. Rf1 Rxa2 27. Rb6 Re5 28. Rc1 Rf5 29. Rf1 Rb2 30. g4 Rd5 31. Kg3 Rxb4 32. Rb7 Rd3+ 33. f3 Rbb3 34. h4 e5 35. h5 Kg7 36. Kg2 Rd2+ 37. Kg1 Rdb2 38. Rc1 Rb1 39. Rxb1 Rxb1+ 40. Kf2 b4 41. Ke3 b3 0-1

[Event "Palafrugell Gelpi Memorial 24th"]
[Site "Palafrugell"]
[Date "2011.11.12"]
[Round "7.4"]
[White "Casanellas Ruano, Lluis"]
[Black "Parramon Ros, Francesco"]
[Result "1-0"]
[WhiteElo "2182"]
[BlackElo "2054"]
[PlyCount "99"]
[EventDate "2011.09.24"]
[EventType "swiss"]
[EventRounds "9"]
[EventCountry "ESP"]
[SourceTitle "EXT 2024"]
[Source "ChessBase"]
[SourceDate "2023.10.10"]
[SourceVersion "1"]
[SourceVersionDate "2023.10.10"]
[SourceQuality "1"]

1. d4 d5 2. c4 e6 3. Nc3 c6 4. Nf3 f5 5. Bg5 Nf6 6. Ne5 Be7 7. e3 0-0 8. Bd3 Ne4 9. Bxe7 Qxe7 10. Qc2 Nd7 11. 0-0 Nxe5 12. dxe5 Nxc3 13. Qxc3 Bd7 14. f4 Rac8 15. Qa5 a6 16. Qb6 Be8 17. Rac1 Bh5 18. Rc3 dxc4 19. Bxc4 Rcd8 20. h3 Rd2 21. Rb3 Rd7 22. Kh2 Kh8 23. Rf2 Bd1 24. Rd3 Rxd3 25. Bxd3 Rd8 26. Bc4 Rd7 27. b4 g6 28. Qc5 Ba4 29. Qxe7 Rxe7 30. Rd2 Kg7 31. g4 b5 32. Be2 c5 33. bxc5 Rc7 34. Kg3 Rxc5 35. Rd7+ Kf8 36. Rd6 Rc2 37. Bd1 Rxa2 38. Rxa6 Bb3 39. Rd6 Bc4 40. Rb6 Rd2 41. Bf3 Rb2 42. Rb8+ Kg7 43. Rb7+ Kg8 44. gxf5 gxf5 45. Kh4 Rb3 46. Kg5 Rxe3 47. Bc6 Re1 48. Bxb5 Bd5 49. Re7 Rf1 50. Bd7 1-0

[Event "Palafrugell Gelpi Memorial 24th"]
[Site "Palafrugell"]
[Date "2011.10.15"]
[Round "3.3"]
[White "Casanellas Ruano, Lluis"]
[Black "Coronado Iruela, Manuel"]
[Result "0-1"]
[WhiteElo "2182"]
[BlackElo "2067"]
[PlyCount "64"]
[EventDate "2011.09.24"]
[EventType "swiss"]
[EventRounds "9"]
[EventCountry "ESP"]
[SourceTitle "EXT 2024"]
[Source "ChessBase"]
[SourceDate "2023.10.10"]
[SourceVersion "1"]
[SourceVersionDate "2023.10.10"]
[SourceQuality "1"]

1. d4 d5 2. c4 c6 3. Nf3 Nf6 4. e3 g6 5. Be2 Bg7 6. 0-0 0-0 7. b3 Ne4 8. Bb2 Bg4 9. Nbd2 Nxd2 10. Qxd2 e6 11. Rfd1 Nd7 12. h3 Bxf3 13. Bxf3 f5 14. Rac1 Nf6 15. Qb4 Rf7 16. Be2 Rf8 17. Qe1 Bh6 18. f4 Ne4 19. Bf3 g5 20. Bxe4 fxe4 21. g3 Kh8 22. Kh2 Qf6 23. Rc2 Rg8 24. Qf2 Rg7 25. Rf1 gxf4 26. gxf4 Qf5 27. Ba3 Rg6 28. Bd6 Bg7 29. Rcc1 Rh6 30. h4 Bf6 31. Be5 Bxe5 32. dxe5 Qg4 0-1

[Event "Palafrugell Gelpi Memorial 24th"]
[Site "Palafrugell"]
[Date "2011.10.08"]
[Round "2.3"]
[White "Parals Marce, Luis"]
[Black "Casanellas Ruano, Lluis"]
[Result "0-1"]
[WhiteElo "2018"]
[BlackElo "2182"]
[PlyCount "152"]
[EventDate "2011.09.24"]
[EventType "swiss"]
[EventRounds "9"]
[EventCountry "ESP"]
[SourceTitle "EXT 2024"]
[Source "ChessBase"]
[SourceDate "2023.10.10"]
[SourceVersion "1"]
[SourceVersionDate "2023.10.10"]
[SourceQuality "1"]

1. d4 d5 2. c4 c6 3. e3 Nf6 4. Nc3 e6 5. Qc2 Bd6 6. b3 0-0 7. Nf3 Nbd7 8. Be2 b6 9. 0-0 Bb7 10. Bb2 Re8 11. Rfd1 Qe7 12. Rac1 Ba3 13. h3 Rac8 14. Qb1 Bxb2 15. Qxb2 Ne4 16. b4 Nxc3 17. Rxc3 Ba6 18. b5 Bb7 19. Ra3 Ra8 20. cxd5 cxb5 21. Bxb5 Bxd5 22. Be2 Rec8 23. Nd2 Rc7 24. e4 Bb7 25. Rg3 Rac8 26. d5 Qf6 27. Qxf6 Nxf6 28. dxe6 fxe6 29. e5 Nd7 30. f4 Bd5 31. Nb3 Nc5 32. Nxc5 Rxc5 33. a3 Rc3 34. Rxc3 Rxc3 35. Rd3 Rc4 36. g3 Rc1+ 37. Kf2 Kf7 38. Bf3 Rc2+ 39. Be2 b5 40. Ke3 Bc4 41. Rd2 Rc3+ 42. Kf2 Bxe2 43. Kxe2 Rxa3 44. Rd7+ Kf8 45. Rb7 Rxg3 46. Rxa7 Rxh3 47. Rb7 Rb3 48. Rb6 Kf7 49. Rb7+ Kg6 50. Re7 Kf5 51. Rxg7 Kxf4 52. Rxh7 Kxe5 53. Rh5+ Kd4 54. Rh4+ Kd5 55. Kd2 e5 56. Kc2 Re3 57. Kd2 Re4 58. Rh1 Kd4 59. Rd1 Kc4 60. Rc1+ Kb3 61. Rc3+ Kb2 62. Rc2+ Kb3 63. Rc3+ Ka4 64. Rc8 b4 65. Kc2 b3+ 66. Kc3 Re3+ 67. Kb2 Kb4 68. Rc7 Re2+ 69. Kc1 Rc2+ 70. Rxc2 bxc2 71. Kxc2 Kc4 72. Kd2 Kd4 73. Ke2 Ke4 74. Kd2 Kf3 75. Ke1 Ke3 76. Kd1 Kf2 0-1